<?xml version="1.0" encoding="UTF-8"?>
<marc:record xmlns:marc="http://www.loc.gov/MARC21/slim">
   <marc:leader>00000nam a2200000 a 4500</marc:leader>
   <marc:datafield ind1="1" ind2=" " tag="100">
      <marc:subfield code="a">Geißler, Lutz</marc:subfield>
      <marc:subfield code="4">aut</marc:subfield>
      <marc:subfield code="e">Verfasser/-in</marc:subfield>
   </marc:datafield>
   <marc:datafield ind1="0" ind2="0" tag="245">
      <marc:subfield code="a">Brotbackbuch Nr.1</marc:subfield>
   </marc:datafield>
   <marc:datafield ind1="0" ind2="0" tag="245">
      <marc:subfield code="b">Grundlagen &amp; Rezepte für ursprüngliches Brot</marc:subfield>
   </marc:datafield>
   <marc:datafield ind1="0" ind2="0" tag="245">
      <marc:subfield code="c">von Lutz Geißler ; unter Mitarbeit von Felix Remmele</marc:subfield>
   </marc:datafield>
   <marc:datafield ind1=" " ind2="1" tag="264">
      <marc:subfield code="c">2018</marc:subfield>
   </marc:datafield>
   <marc:datafield ind1="1" ind2=" " tag="520">
      <marc:subfield code="a">VERLAGSTEXT: / / Ursprüngliches Brot mit bestem Aroma und unvergleichlicher Qualität selber backen? Lutz Geißler, Deutschlands erfolgreichster Brot-Blogger, verrät das Geheimnis seiner Kunst. Im Infoteil des Buches erfahren Sie alles über die traditionelle Brotbackkunst mit langer Teigführung und sehr wenig Hefe, außerdem ausführliches Hintergrundwissen zu Zutaten, Zubehör, Grundbegriffen, Techniken zum Kneten und Formen, Faustregeln und zur praktischen Umsetzung im Alltag. Körnerbrot, Roggenbrot, Baguette und Brötchen: Hier finden Sie über 40 Rezepte für jeden Anspruch, für Einsteiger, Fortgeschrittene und Könner, die sich inspirieren lassen möchten. /</marc:subfield>
   </marc:datafield>
   <marc:datafield ind1=" " ind2=" " tag="020">
      <marc:subfield code="a">9783800108954</marc:subfield>
      <marc:subfield code="9">9783800108954</marc:subfield>
   </marc:datafield>
   <marc:datafield ind1=" " ind2=" " tag="041">
      <marc:subfield code="a">ger</marc:subfield>
   </marc:datafield>
   <marc:datafield ind1="1" ind2=" " tag="521">
      <marc:subfield code="a">0</marc:subfield>
   </marc:datafield>
   <marc:datafield ind1=" " ind2=" " tag="300">
      <marc:subfield code="a">270 Seiten : Illustr</marc:subfield>
   </marc:datafield>
</marc:record>
